<?xml version="1.0" encoding="UTF-8"?>
<collection xmlns="http://www.loc.gov/MARC21/slim">
  <record>
    <leader>00000nam  2200000   4500</leader>
    <controlfield tag="001">INLIS000000000002962</controlfield>
    <controlfield tag="005">20190304113501</controlfield>
    <datafield tag="035" ind1="#" ind2="#">
      <subfield code="a">0010-0718002962</subfield>
    </datafield>
    <controlfield tag="008">190304################g##########0#ind##</controlfield>
    <datafield tag="020" ind1="#" ind2="#">
      <subfield code="a">9798006569</subfield>
    </datafield>
    <datafield tag="041" ind1=" " ind2=" ">
      <subfield code="a">id</subfield>
    </datafield>
    <datafield tag="082" ind1="#" ind2="#">
      <subfield code="a">0274</subfield>
    </datafield>
    <datafield tag="090" ind1=" " ind2=" ">
      <subfield code="a">0274 SUR</subfield>
    </datafield>
    <datafield tag="100" ind1=" " ind2="#">
      <subfield code="a">Hardjoprakoso, Mastini</subfield>
    </datafield>
    <datafield tag="245" ind1="1" ind2="#">
      <subfield code="a">Survai Dan Kajian Perpustakaan Keliling. Kajian Pelayanan di 7 propinsi /</subfield>
      <subfield code="c">Mastini Hardjoprakoso</subfield>
    </datafield>
    <datafield tag="260" ind1="#" ind2="#">
      <subfield code="a">Jakarta :</subfield>
      <subfield code="b">PNRI,</subfield>
      <subfield code="c">1992</subfield>
    </datafield>
    <datafield tag="300" ind1="#" ind2="#">
      <subfield code="a">iv., 22 hlm. :</subfield>
      <subfield code="b">ilus ;</subfield>
      <subfield code="c">25 cm</subfield>
    </datafield>
    <datafield tag="650" ind1=" " ind2="#">
      <subfield code="a">Survai dan Kajian</subfield>
    </datafield>
    <datafield tag="084" ind1="#" ind2="#">
      <subfield code="a">027.4 Sur</subfield>
    </datafield>
    <datafield tag="520" ind1="#" ind2="#">
      <subfield code="a">Penulisan naskah ini merupakan hasil survei layanan Perpustakaan Keliling, data yang diperolrh adalah hasil jaringan dari quesioner yang disebarkan di tujuh propinsi yang meliputi: Propinsi DKI Jakarta, D.I. Yogyakarta, Jawa Timur, Kalimantan Timur, Sulawesi Selatan dan Maluku. Hasil Survei dimaksudkan untuk bahan perencanaan Perpustakaan Nasional. Analisa data meliputi layanan perpustakaan, layanan petugas, bahan pustaka, frekuensi kunjungan dan kepuasan dalam layanan.Hasil penelitian ini juga dapat digunakan bagi unit perpustakaan keliling.</subfield>
    </datafield>
    <datafield tag="856" ind1="#" ind2="#">
      <subfield code="a">Perpustakaan Lembaga Administrasi Negara</subfield>
    </datafield>
    <datafield tag="990" ind1="#" ind2="#">
      <subfield code="a">99093830</subfield>
    </datafield>
    <datafield tag="990" ind1="#" ind2="#">
      <subfield code="a">99093830</subfield>
    </datafield>
    <datafield tag="990" ind1="#" ind2="#">
      <subfield code="a">99093830</subfield>
    </datafield>
  </record>
</collection>
